000 01914nam a2200241Ia 4500
003 OSt
005 20211007121037.0
008 210310s1977 ck abd gr 000 0 spa d
040 _aCO-JMCR
_cCO-JMCR
041 0 _aspa
082 0 4 _a338.17373 /
_bM149c
_223
100 1 _aMachado C, Absalón,
_eautor
_94238
245 1 0 _aEl café:
_bde la aparcería al capitalismo /
_cAbsalón Machado C.
260 _aBogotá :
_bPunta de lanza,
_c1977.
300 _a361 páginas :
_bilustraciones, gráficas y mapas en blanco y negro ;
_c19 cm.
504 _aBibliografía : páginas 353-361.
505 0 _aEl modelo de crecimiento basado en la expansión de las exportaciones. -- El desarrollo de la economía cafetera hasta los años veinte. -- Estructura de la propiedad y la producción cafetera 1920-1940. -- Relaciones sociales de producción en la economía cafetera hacia 1930. -- Conflictos agrarios en las zonas cafeteras. -- Cambio en las relaciones sociales de producción de 1920a 1950.
520 0 _aNo es cierto que la economía cafetera haya sido fundamento de la democracia colombiana por haber fomentado la pequeña y mediana explotación, Machado demuestra que, al contrario, en este sector ha habido considerable concentración de la propiedad y abusiva explotación en aparcerías y fo mas precapitalistas de producción, lo cual explica la gran rebeldía campesina de los años veintes y treintas. Describe de manera clara, interesante y documentada cómo aquellas formas se fueron convirtiendo en relaciones capitalistas, gracias a coyunturas nacionales e internacionales. Por todo esto, constituye lectura obligatoria para aquellos que quieran entender a fondo el origen y las formas reales del conflicto agrario nacional.
650 1 4 _aCafé
_xLey y legislación
_941008
650 2 4 _aIndustria cafetalera
_941009
650 2 4 _aTrabajadores de plantaciones de café.
_941010
942 _2ddc
_cBK
999 _c12656
_d12656